Normal view
MARC view
Entry Término temático
001 - NÚMERO DE CONTROL
- campo de control: 175660
003 - IDENTIFICADOR DEL NÚMERO DE CONTROL
- campo de control: OSt
005 - FECHA Y HORA DE LA ÚLTIMA TRANSACCIÓN
- campo de control: 20220329144549.0
008 - DATOS DE LONGITUD FIJA
- campo de control de longitud fija: 220329|| aca||aabn | a|a d
040 ## - FUENTE DE LA CATALOGACIÓN
- Centro catalogador/agencia de origen: OSt
- Centro/agencia transcriptor: OSt
150 ## - ENCABEZAMIENTO--TÉRMINO DE MATERIA
- Término de materia o nombre geográfico como elemento de entrada: uva efecto del medio ambiente
670 ## - FUENTE DE DATOS ENCONTRADOS
- Cita de la fuente: Work cat.: (OSt)112266: Tepec Lazaro, Ana Laura. 136447, Crecimiento y fenología de uva silvestre (Ampelocissus acapulcencis (Kunth) Planch) /, 2018.
